Statistiken für Stimmt's? #5

Klicken Sie hier um das Quiz zu spielen!

Allgemein

  • Dieses Quiz wurde 170 mal gespielt
  • Das Durchschnittsergebnis liegt bei 7 aus 10

Antwortstatistiken

FrageAntwort% Korrekt
Die Schweiz ist größer als Österreich.Falsch
95%
Im WM-Finale 2014 gegen Argentinien schoss Mario Götze das entscheidende Tor in der 113. Spielminute.Wahr
88%
Der größte Feind der Schlümpfe heißt Gabriel.Falsch
87%
Eines der Teletubbies ist Grün.Wahr
82%
Ein Würfel hat 12 Kanten.Wahr
79%
Unser Bundeslandwirtschaftsminister heißt Cem Özdemir.Wahr
66%
Kiritrost, Narsk und Torpak gehören zu den 12 größten Städten in Russland.Falsch
61%
"Nino de Angelo" ist ein Künstlername.Wahr
56%
Auf der Rückseite der deutschen 1-Euro-Münze ist das Brandenburger Tor abgebildet.Falsch
55%
Maulwürfe sind blind.Falsch
22%

Verteilung der Resultate

Perzentil nach korrekt beantworteten Fragen

Anzahl Personen mit jedem Resultat

Ihre Resultats-Entwicklung

Sie haben dieses Quiz noch nicht gespielt